000 00633nam a2200193Ia 4500
008 191130s2000##################000#0#eng##
020 _a9780521664882
040 _aACL
_cACL
082 _a307.76094 BAG
100 _aBagnasco, Arnaldo
245 _aCities in contemporary Europe
_cArnaldo Bagnasco, Patrick Le Galès
260 _aCambridge
_bCambridge University Press
_cc2000
300 _aix, 219 p. : ill., map ; 24 cm
500 _aIncludes bibliographical references (p. 198-211) and index
650 _aCities and towns -- Europe
990 _a86aaea56ac10000c4ca0a9420e1b3ff6
991 _a198388
999 _c251410
_d251410